Administración: una ventaja competitiva

Bibliographic Details
Main Author: Bateman, Thomas S.
Format: Section = Libro
Language:Undetermined
Spanish
Published: México McGraw-Hill 2004
Edition:4a.ed.
Subjects:
LEADER 00653nam a2200229Ia 4500
008 240829s9999 xx 000 0 und d
020 |a 970-10-4378-2 
040 |a BIBLIOTECA-RUPAP 658 B328 
041 |a spa 
082 |a 658 B328 
100 1 |a Bateman, Thomas S.  
245 1 0 |a Administración: una ventaja competitiva 
250 |a 4a.ed. 
260 |a México  |b McGraw-Hill  |c 2004 
300 |a 685 p. :il. 
650 7 |a ADMINISTRACION - FUNDAMENTOS 
650 7 |b  TOMA DE DECISIONES - GERENCIALES 
650 7 |c  PLANEACION Y ESTRATEGIA 
650 7 |d  LIDERAZGO. I. Snell, Scott A, coaut. II. Tít. 
942 |c BK  |2 ddc 
991 |a TEXTO 
999 |c 8662